000 00291nam a22001337a 4500
008 180227b xxu||||| |||| 00| 0 eng d
020 _a0321306031
041 _aeng
080 _a510
100 _a36
101 _aMAT
245 _aIntroductory Algebra
_cBittinger, M.L
942 _2udc
_cBK
999 _c43565
_d43565